5HLuxD.jpg

KING HENRY VIII SENIOR AND PRIMARY SCHOOL LIBRARY OPAC

Amazing Chinese Textbook 2 / (Record no. 2625)

000 -LEADER
fixed length control field 00689nam a22002417a 4500
003 - CONTROL NUMBER IDENTIFIER
control field OSt
005 - DATE AND TIME OF LATEST TRANSACTION
control field 20230802084333.0
008 - FIXED-LENGTH DATA ELEMENTS--GENERAL INFORMATION
fixed length control field 230802b ||||| |||| 00| 0 eng d
020 ## - INTERNATIONAL STANDARD BOOK NUMBER
International Standard Book Number 9789579502689
040 ## - CATALOGING SOURCE
Transcribing agency KH8
082 ## - DEWEY DECIMAL CLASSIFICATION NUMBER
Classification number 495 YEH
100 ## - MAIN ENTRY--PERSONAL NAME
Personal name Yeh, Shao-Ping,
Relator term author.
245 ## - TITLE STATEMENT
Title Amazing Chinese Textbook 2 /
Statement of responsibility, etc. Shao-Ping Yeh
260 ## - PUBLICATION, DISTRIBUTION, ETC.
Place of publication, distribution, etc. Taiwan :
Name of publisher, distributor, etc. Kang Hsuan Educational Publishing,
Date of publication, distribution, etc. 2019
300 ## - PHYSICAL DESCRIPTION
Extent 144 pages,
Other physical details colour illustrations.
650 ## - SUBJECT ADDED ENTRY--TOPICAL TERM
Topical term or geographic name entry element Mandarin language
650 ## - SUBJECT ADDED ENTRY--TOPICAL TERM
Topical term or geographic name entry element Mandarin grammar
700 ## - ADDED ENTRY--PERSONAL NAME
Personal name Chen, Lifen,
Relator term author.
700 ## - ADDED ENTRY--PERSONAL NAME
Personal name Tu, Jessy,
Relator term author.
700 ## - ADDED ENTRY--PERSONAL NAME
Personal name Tam, Hugo Wing-Yu,
Relator term author.
700 ## - ADDED ENTRY--PERSONAL NAME
Personal name Daiwei, Wei
Relator term author.
942 ## - ADDED ENTRY ELEMENTS (KOHA)
Source of classification or shelving scheme
Koha item type Teaching Resources
Holdings
Withdrawn status Lost status Source of classification or shelving scheme Damaged status Not for loan Collection code Permanent Location Current Location Shelving location Date acquired Total Checkouts Full call number Barcode Date due Date last seen Date last checked out Price effective from Koha item type
          Teaching Resources KH8 Senior School Library KH8 Senior School Library Staff Office 2023-08-02 3 495 YEH TRKHSL001398 2026-07-03 2025-07-01 2025-07-01 2023-08-02 Teaching Resources

Powered By KH8 IT Dept